Az itatásos borjúnevelés eredményei a cibakházai Vörös Csillag Termelőszövetkezetben
Elmentve itt :
| Szerző: | |
|---|---|
| További közreműködők: | |
| Dokumentumtípus: | Szakdolgozat |
| Megjelent: |
1970
|
| Kulcsszavak: | Szarvasmarha-tenyésztés Borjúnevelés, itatásos Cibakháza |
| Tárgyszavak: | |
| Online Access: | http://diploma.bibl.u-szeged.hu/97674 |
| LEADER | 00771nta a2200229 i 4500 | ||
|---|---|---|---|
| 001 | dipl97674 | ||
| 005 | 20220222090617.0 | ||
| 008 | 220209s1970 hu om 0|| zxx d | ||
| 040 | |a SZTE Diploma Repozitórium |b hun | ||
| 041 | |a zxx | ||
| 100 | 1 | |a Kozák Gyöngyi | |
| 245 | 1 | 3 | |a Az itatásos borjúnevelés eredményei a cibakházai Vörös Csillag Termelőszövetkezetben |h [elektronikus dokumentum] / |c Gyöngyi Kozák |
| 260 | |c 1970 | ||
| 300 | |a 27 | ||
| 650 | 4 | |a Agrár | |
| 650 | 4 | |a Agricultural sciences | |
| 650 | 4 | |a Husbandry | |
| 695 | |a Szarvasmarha-tenyésztés | ||
| 695 | |a Borjúnevelés, itatásos | ||
| 695 | |a Cibakháza | ||
| 700 | 1 | |a nincs megadva |e ths | |
| 856 | 4 | 0 | |u http://diploma.bibl.u-szeged.hu/id/eprint/97674/1/xxxx_kozak_gyongyi.pdf |z Dokumentum-elérés |